00461cam a2200157 a 450000100100000000500170001000800410002704000250006808200190009310000290011224500500014126000420019130000200023365000240025365000260027700000498920200929151542.0911121s1959 ck 001 p spa d aDO-SdBNPbspacBNPHU aC861.44bR741p1 aRojas Abreu, Enriquillo.10aParabola del viaje /cEnriquillo Rojas Abreu. aBogotá :bLibreria Voluntad,c1959. a79 p. ;c23 cm. 4aPoesía colombiana 4aLiteratura colombiana